000 00509cam a22002052a 4500
001 007958
003 AR-FADEU
008 311216n1942####xxu####################dd
020 _a968-16-0208-0
092 _a330.09
_bW375h
100 _aWeber, Max
245 _aHistoria económica general
260 _aMéxico
260 _bFondo de Cultura Económica
260 _c1942
300 _a328 p
440 _aClásicos de economía
650 _aECONOMIA-DOCTRINA; ECONOMIA-HISTORIA
942 _cBDGR
999 _c13772
_d13772